Statistics for Pakistan International Airlines-Karachi

Click here to take the quiz!

General Stats

  • This quiz has been taken 92 times
  • The average score is 14 of 26

Answer Stats

HintAnswer% Correct
ChinaBeijing
99%
CanadaToronto
99%
BangladeshDhaka
97%
PakistanIslamabad
97%
UKLondon-Heathrow
94%
PakistanLahore
91%
MalaysiaKuala Lumpur
90%
UAEDubai
90%
Saudi ArabiaJeddah
87%
ThailandBangkok
86%
Saudi ArabiaMedina
65%
Saudi ArabiaDammam
64%
PakistanPeshawar
62%
PakistanFaisalabad
55%
PakistanQuetta
55%
PakistanMultan
42%
PakistanSukkur
25%
PakistanBahawalpur
20%
PakistanGwadar
17%
PakistanRahim Yar Khan
16%
PakistanZhob
9%
PakistanDera Ghazi Khan
7%
PakistanDalbandin
4%
PakistanTurbat
4%
PakistanMohenjodaro
3%
PakistanPanjgur
3%

Score Distribution

Percentile by Number Answered

Percent of People with Each Score

Your Score History

You have not taken this quiz